| 000 | 00359nam a2200097Ia 4500 | ||
|---|---|---|---|
| 008 | 180130s9999 xx 000 0 und d | ||
| 245 |
_cShepperd, M. _aReplicated results are more trustworthy |
||
| 260 | _c2016 | ||
| 300 | _aBook title: Perspectives on data science for software engineering--Acession number C20893; pages 289-294 | ||
| 650 | _aSOFTWARE ENGINEERING | ||
| 999 |
_c354331 _d354331 |
||